SOME REMARKS ON FASTER CONVERGENT INFINITE SERIES

Podrobná bibliografia
Hlavní autori: Holý, Dušan, 1957- (Autor), Matejíčka, Ladislav (Autor), Pinda, Ľudovít, 1958- (Autor)
Médium: Článok
Jazyk:angličtina

MARC

LEADER 00000nab a2200000uu 4500
001 vtls011450934
003 SK-MaSNL
005 20260303185037.0
008 230222|2012 xo |||||||||||||||||eng|
015 |a SNBRB 
035 |a (urnnbn)urn:nbn:sk:snk:ar-006k6o 
035 |a (uuid)fe756c7c-5bc9-4b03-a4d4-56c6ba035afb 
035 |a urn:nbn:sk:snk-abcn0d 
040 |a SNKBUCL  |b slo  |c SNKBUCL  |e AACR2 
041 0 |a eng 
044 |a xo  |c SK 
100 1 |a Holý, Dušan,  |d 1957-  |4 aut  |9 231612 
245 1 0 |a SOME REMARKS ON FASTER CONVERGENT INFINITE SERIES  |c Dušan Holý, Ladislav Matejíčka, Ľudovít Pinda 
700 1 |a Matejíčka, Ladislav  |4 aut  |9 12225 
700 1 |a Pinda, Ľudovít,  |d 1958-  |4 aut  |9 163563 
773 0 |t Mathematica Slovaca  |g Roč. 62, č. 4 (2012), s. [785]-804 
958 |a OND 
958 |a EUIPO 
958 |a article16 
999 |c 2129449  |d 2131379